| 000 | 00669nam a2200145 a 4500 | ||
|---|---|---|---|
| 005 | 20140414132052.0 | ||
| 008 | 110713s19uu xx 00 eng d | ||
| 050 |
_aREF 503.21 _bF95 Vol.4 |
||
| 245 |
_aFunk & Wagnalls new encyclopedia of science : _bSpecial projects book plus index and bibliography. |
||
| 260 |
_a[New York] : Funk & Wagnalls ; Milwaukee, Wis. : _bInquires to Raintree Pub., _cc1986. |
||
| 520 | _aContains illustrated, alphabetically-arranged articles on a variety of scientific topics. Also includes a volume of related projects and activities. | ||
| 650 |
_aScience _xEncyclopedias, Juvenile. |
||
| 650 |
_aScience _xEncyclopedias. |
||
| 999 |
_c114195 _d114195 |
||